00291nam a2200133Ia 45000030006000000080041000060400015000471000018000622450014000802600030000943000006001245460010001300050017001400STCL150530s9999 xx 000 0 und d aSTCLcSTCL aRangey Raghav aProfessor bRajpal Sons ; Delhic1984 a0 aHindi20220125171251.0